2928-神戸市兵庫区(兵庫県)の駅 - Statistics

General Stats
  • This quiz has been taken 20 times
  • The average score is 9 of 10
Answer Stats
Answer % Correct
兵庫
100%
湊川
94%
新開地
94%
和田岬
94%
湊川公園
88%
大開
88%
鵯越
76%
上沢
76%
中央市場前
76%
御崎公園
76%
No matching quizzes found
Score Distribution
Percent of People with Each Score
Percentile by Number Answered
Your Score History
You have not taken this quiz